Statistics for Countries named after people

Click here to take the quiz!

General Stats

  • This quiz has been taken 54 times
  • The average score is 23 of 46

Answer Stats

HintAnswer% Correct
Jean Moreau de SéchellesSeychelles
73%
ČechCzech Republic
70%
Saint LucySaint Lucia
70%
Simón BolívarBolivia
66%
Emperor QinChina
64%
John MarshallMarshall Islands
64%
King Phillip II of SpainPhilippines
64%
AfghanaAfghanistan
61%
Saint DominicDominican Republic
61%
King Mswatti IIeSwatini
61%
NicaraoNicaragua
61%
Saint MarinusSan Marino
61%
BangBangladesh
59%
Christopher ColumbusColombia
57%
ItalusItaly
57%
Thomas GilbertKiribati
57%
Saint ChristopherSaint Kitts and Nevis
57%
Saud Bin MohammedSaudi Arabia
57%
RusBelarus
55%
ÉiruIreland
55%
Maurice of Nassau, Prince of OrangeMauritius
55%
Öz Beg KhanUzbekistan
55%
Saint Vincent of SaragossaSaint Vincent and the Grenadines
52%
Saint GeorgeGeorgia
50%
Mussa Bin BiqueMozambique
50%
Saint ThomasSão Tomé and Príncipe
50%
Simón BolívarVenezuela
50%
AtropatesAzerbaijan
48%
JesusEl Salvador
48%
BirúPeru
48%
RusRussia
48%
King Solomon of Israel and JudahSolomon Islands
48%
SamaaleSomalia
45%
Amerigo VespucciUnited States
45%
Sage Kambu SwayambhuvaCambodia
43%
MizraimEgypt
39%
Hunor/MagorHungary
39%
JacobIsrael
39%
BharataIndia
36%
Hashim ibn Abd ManafJordan
36%
NórNorway
36%
RomulusRomania
36%
HaykArmenia
32%
LavaLaos
30%
TehutiDjibouti
25%
LechPoland
18%

Score Distribution

Percentile by Number Answered

Percent of People with Each Score

Your Score History

You have not taken this quiz